Đánh giá thị trường xuất khẩu lao động /
Đã lưu trong:
| 主要作者: | |
|---|---|
| 格式: | Bài viết |
| 語言: | Vietnamese |
| 主題: | |
| 標簽: |
添加標簽
沒有標簽, 成為第一個標記此記錄!
|
| Thư viện lưu trữ: | Thư viện Trường Đại học Đà Lạt |
|---|
| LEADER | 00726nam a2200265 4500 | ||
|---|---|---|---|
| 001 | DLU060050433 | ||
| 040 | # | # | |a DLU |b vie |
| 041 | # | # | |a vie |
| 044 | # | # | |a vn |
| 100 | # | # | |a Phạm Phi Yên |
| 245 | # | # | |a Đánh giá thị trường xuất khẩu lao động / |c Phạm Phi Yên |
| 653 | # | # | |a Thị trường |
| 653 | # | # | |a Xuất khẩu lao động |
| 773 | # | # | |t Phát triển kinh tế |g Số 141, 2002, tr.23-25 |
| 920 | # | # | |a Phòng Tạp chí -- Trung tâm Thông tin - Thư viện Trường Đại học Đà Lạt |
| 933 | # | # | |a KT |
| 994 | # | # | |a DLU |
| 900 | # | # | |a True |
| 911 | # | # | |a Nguyễn Thị Yên |
| 925 | # | # | |a G |
| 926 | # | # | |a A |
| 927 | # | # | |a BB |
| 980 | # | # | |a Thư viện Trường Đại học Đà Lạt |